Enseñar a pensar: libro-guía para docentes

Uloženo v:
Podrobná bibliografie
Hlavní autor: Beyer, Barry K (Autor)
Médium: Kniha
Jazyk:španělština
Vydáno: Buenos Aires Troquel 1998
Témata:
Tagy: Přidat tag
Žádné tagy, Buďte první, kdo vytvoří štítek k tomuto záznamu!

MARC

LEADER 00000nam a2200000 a 4500
001 UCL0178
003 CL-VaPUC
008 030627e19980000AG |||||||||||||||||spa|d
082 0 4 |a 371.3028  |b BEY  |2 21 
100 0 |a Beyer, Barry K  |e author  |9 476959 
245 1 0 |a Enseñar a pensar: libro-guía para docentes 
300 |a 288 p 
942 |c BK 
945 |d 20030627 00:00:00  |a cmena 
260 |a Buenos Aires  |b Troquel  |c 1998 
650 0 |a Métodos de enseñanza  |9 270413 
650 0 |a Cognición   |9 270347 
650 7 |a DESARROLLO INTELECTUAL  |2 CL-VaPUC  |9 338908 
650 0 |a Rol del docente  |9 329733 
650 0 |a Planificación del currículo  |9 269599 
650 7 |a PRUEBAS EDUCACIONALES  |2 CL-VaPUC  |9 415967 
583 |a last modification  |c 20030627 00:00:00  |k Rodrigo Vera 
999 |c 304196  |d 304194 
952 |0 0  |1 0  |4 0  |6 371_302800000000000_BEY_1998  |7 0  |8 A  |9 366085  |a BIBEDU  |b BIBEDU  |d 2019-11-21  |i 3918459  |o 371.3028 BEY 1998  |p 3918459  |r 2019-11-21  |w 2019-11-21  |y BK  |k EPE